[Event "Oviedo op 8th"]
[Site "Oviedo"]
[Date "2022.07.20"]
[Round "5"]
[White "Garcia Suarez, Belarmino"]
[Black "Heredia Serrano, Carla Sofia"]
[Result "0-1"]
[WhiteElo "1787"]
[BlackElo "2090"]
[PlyCount "62"]
[EventDate "2022.07.17"]
[EventType "swiss"]
[EventRounds "9"]
[EventCountry "ESP"]
[SourceTitle "CBM 209 Extra"]
[Source "ChessBase"]
[SourceDate "2022.09.30"]
[SourceVersion "1"]
[SourceVersionDate "2022.09.30"]
[SourceQuality "1"]

1. d4 d5 2. c4 c6 3. Nc3 Nf6 4. Bg5 e6 5. c5 h6 6. Bh4 b6 7. b4 a5 8. a3 Ba6 9. Nf3 Nbd7 10. e3 Bxf1 11. Kxf1 Be7 12. Bg3 Qc8 13. Ke2 Ne4 14. Qd3 f5 15. Rhc1 0-0 16. Nd2 Bf6 17. f3 e5 18. fxe4 exd4 19. Nxd5 cxd5 20. cxb6 Qe8 21. b7 fxe4 22. Nxe4 dxe4 23. Qc4+ Kh8 24. bxa8Q d3+ 25. Kd2 Qxa8 26. Rab1 Qe8 27. Qd5 axb4 28. axb4 Nb6 29. Qc5 Qf7 30. Ra1 Bxa1 31. Rxa1 Rc8 0-1

[Event "Pontevedra op-B 6th"]
[Site "Pontevedra"]
[Date "2018.08.14"]
[Round "9"]
[White "Nurgaliyev, Sauat"]
[Black "Garcia Suarez, Belarmino"]
[Result "0-1"]
[WhiteElo "1613"]
[BlackElo "1803"]
[PlyCount "128"]
[EventDate "2018.08.08"]
[EventType "swiss"]
[EventRounds "9"]
[EventCountry "ESP"]
[SourceTitle "CBM 186 Extra"]
[Source "ChessBase"]
[SourceDate "2018.08.24"]
[SourceVersion "1"]
[SourceVersionDate "2018.08.24"]
[SourceQuality "1"]

1. e4 c5 2. Nf3 d6 3. d4 cxd4 4. Nxd4 g6 5. Nc3 Nf6 6. f3 Bg7 7. Be3 Nc6 8. Qd2 0-0 9. 0-0-0 Nxd4 10. Bxd4 Be6 11. g4 Qa5 12. Kb1 Rfc8 13. a3 Rab8 14. g5 Nh5 15. Bxg7 Nxg7 16. Nd5 Qxd2 17. Rxd2 Bxd5 18. Rxd5 Rc7 19. c3 Ne6 20. Kc2 Nf4 21. Rd2 Rc5 22. Rg1 b5 23. b4 Rc7 24. Rg4 e5 25. Rxd6 Rbc8 26. c4 bxc4 27. Kc3 Kf8 28. Ra6 Rd8 29. Ra5 Rd1 30. Rxe5 Nd3 31. Bxd3 Rxd3+ 32. Kc2 Rxa3 33. Rg3 Rb7 34. b5 Rc7 35. Kb2 Re3 36. f4 c3+ 37. Kc1 Re1+ 38. Kc2 Re2+ 39. Kc1 Ra2 40. b6 axb6 41. Rb5 c2 42. Rb1 cxb1Q+ 43. Kxb1 Rxh2 44. Rb3 Rb7 45. Rb5 Rd7 46. Kc1 Rd4 47. Rxb6 Rxe4 48. Rb8+ Kg7 49. Kd1 Ra4 50. Rb1 Rh1+ 51. Kc2 Rxb1 52. Kxb1 Rxf4 53. Kc2 f6 54. gxf6+ Kxf6 55. Kd3 h5 56. Ke3 g5 57. Ke2 h4 58. Ke1 h3 59. Ke2 h2 60. Ke3 h1R 61. Ke2 Rh3 62. Kd2 Rf2+ 63. Ke1 Rb2 64. Kf1 Rh1# 0-1